Sports Quiz

Random Sports or Soccer Quiz

Name the Reading FC players by nicknames Quiz Stats

 Plays Quiz not verified by Sporcle

Score 0/12 Timer 07:00
0 Plays Today
nickname player name % Correct
LongyShane Long
97.4%
KitsDave Kitson
96.6%
DoylerKevin Doyle
96.1%
MurtsGraeme Murty
95.3%
GriffAndy Griffin
95.3%
SiddersSteve Sidwell
94%
FedersAdam Federici
93.1%
The SigGylfi Sigurdsson
88.4%
CuroJamie Cureton
80.6%
SupermanIbrahima Sonko
80.2%
FozzyNicky Forster
67.2%
SpidermanAndre Bikey
48.3%

You're not logged in!

Compare scores with friends on all Sporcle quizzes.
OR
Log In

Show Comments

Extras

Top Quizzes Today


Score Distribution

Your Account Isn't Verified!

In order to create a playlist on Sporcle, you need to verify the email address you used during registration. Go to your Sporcle Settings to finish the process.

Report this User

Report this user for behavior that violates our Community Guidelines.

Details: